000 00784nab a2200241 u 4500
001 15531
003 HDC
007 cr bn ---aaaaa
008 210218c20150430my dr|nes 0 a may d
040 _aHDC
245 0 _aSME Bank pacu hab kewangan Islam dunia
260 _aKuala Lumpur :
_bThe New Straits Times Press (M) Bhd.,
_c2015
336 _atext
_2rdacontent
337 _acomputer
_2rdamedia
338 _aonline resource
_2rdacarrier
650 _aIslamic finance hub
_915709
650 _aSME bank
_98407
710 _aHarian Metro
856 _zRequest full-text at [email protected]
942 _2lcc
942 _cNEWS
942 _kNWSC 005780
999 _c12847
_d12847